000 00509nam a2200133Ia 4500
008 100328s9999 xx 000 0 und d
082 _b60277
100 _aडोळे ना.य.
245 _aपरराष्ट्र ाोरण- आपले शेजारी.
260 _bगं्रथाली.
630 _aपरराष्ट्र ाोरण- आपले शेजारी.
730 _aपरराष्ट्र ाोरण- आपले शेजारी.
942 _cBOOK
999 _c546439
_d546436